| 000 | 00765nam a22001937a 4500 | ||
|---|---|---|---|
| 999 |
_c4614 _d4614 |
||
| 001 | 12460 | ||
| 003 | BD-DhUAP | ||
| 005 | 20201115150215.0 | ||
| 008 | 201115s2009 bg |||| |||| 000 0 ben d | ||
| 020 | _a9847015601188 | ||
| 040 |
_aBD-DhUAP _bBen _cBD-DhUAP _dBD-DhUAP |
||
| 082 |
_223 _a149.97 UTT |
||
| 245 |
_aউত্তরাধুনিক চিন্তাধারা : _bদ্বন্দ্ব-সংঘর্ষ / _cরতনতনু ঘোষ কর্তৃক সম্পাদিত। |
||
| 260 |
_aঢাকা : _bমাওলা ব্রাদার্স, _c২০০৯। |
||
| 300 |
_a১৬০ পৃষ্ঠা ; _c২২ সেমি.। |
||
| 650 | _aPostmodernism. | ||
| 700 | _aঘোষ, রতনতনু। | ||
| 942 |
_2ddc _cBK |
||